01314nam a2200301Ia 4500001001200000003000800012006001900020007001500039008004100054020001800095020002600113040002100139035002100160050002900181082001700210100002300227245018500250260005500435300002400490504005100514533015200565630005500717650004900772655002900821710001700850856012600867999001900993ebr10433558CaPaEBRm u cr cn|||||||||091113s2009 enka sbf 001 0 eng d z9781847194381 z9781847194398 (ebook) aCaPaEBRcCaPaEBR a(OCoLC)66698101614aTK5105.8865b.C37 2009eb04a004.69/52221 aCarpenter, Colman.10aAsterisk 1.4h[electronic resource] :bthe professional's guide : implementing, administering, and consulting on commercial IP telephony solutions /cColman Carpenter ... [et al.]. aBirmingham, U.K. :bPackt Publishing Ltd.,cc2009. avii, 262 p. :bill. aIncludes bibliographical references and index. aElectronic reproduction.bPalo Alto, Calif. :cebrary,d2011.nAvailable via World Wide Web.nAccess may be limited to ebrary affiliated libraries.00aAsterisk (Computer file)vHandbooks, manuals, etc. 0aInternet telephonyvHandbooks, manuals, etc. 7aElectronic books.2local2 aebrary, Inc.40uhttp://site.ebrary.com/lib/rucke/Doc?id=10433558zAn electronic book accessible through the World Wide Web; click to view c146666d146666